[Event "EU-Cup 28th"]
[Site "Eilat"]
[Date "2012.10.15"]
[Round "5.3"]
[White "Broekmeulen, Jasper"]
[Black "Brunner, Lucas"]
[Result "1/2-1/2"]
[WhiteElo "2410"]
[BlackElo "2448"]
[PlyCount "125"]
[EventDate "2012.10.11"]
[EventType "team-swiss"]
[EventRounds "7"]
[EventCountry "ISR"]
[SourceTitle "CBM 151"]
[Source "ChessBase"]
[SourceDate "2012.11.13"]
[SourceVersion "1"]
[SourceVersionDate "2012.11.13"]
[SourceQuality "1"]
[WhiteTeam "Amay"]
[BlackTeam "Zuerich SG"]
[WhiteTeamCountry "BEL"]
[BlackTeamCountry "SUI"]

1. e4 c5 2. Nf3 Nc6 3. Nc3 g6 4. Bb5 Bg7 5. Bxc6 bxc6 6. e5 f6 7. exf6 Nxf6 8. 0-0 0-0 9. Qe2 Kh8 10. Re1 e6 11. d3 d6 12. Ne4 Nd5 13. Bg5 Qc7 14. Qd2 e5 15. Bh6 Bg4 16. Bxg7+ Kxg7 17. Nfg5 Rae8 18. Ng3 Nf4 19. f3 Bc8 20. N5e4 Qe7 21. Ne2 Ne6 22. a3 d5 23. Nf2 Ng5 24. Qc3 Nxf3+ 25. gxf3 Rxf3 26. Ng3 h5 27. Rf1 h4 28. Nge4 dxe4 29. Nxe4 Rxf1+ 30. Rxf1 Bf5 31. Qxc5 Bxe4 32. Qxe7+ Rxe7 33. dxe4 Rd7 34. Kg2 Rd2+ 35. Rf2 Rd1 36. Kh3 Re1 37. Kxh4 Rxe4+ 38. Kg3 Rd4 39. b3 c5 40. Kf3 Kf6 41. c3 Rd8 42. Ke4+ Ke6 43. Rg2 Kf6 44. Rg3 Rb8 45. b4 cxb4 46. axb4 a5 47. bxa5 Ra8 48. Rf3+ Ke6 49. Rg3 Kf6 50. Rd3 Rxa5 51. Rd6+ Kg5 52. Re6 Ra4+ 53. Kd5 Ra5+ 54. Ke4 Ra4+ 55. Kxe5 Rc4 56. h4+ Kh5 57. Kf6 Rxc3 58. Re5+ Kh6 59. Rg5 Rc6+ 60. Kf7 Ra6 61. Rg4 Rb6 62. Rg5 Ra6 63. Rg4 1/2-1/2

[Event "SUI-chT"]
[Site "Switzerland"]
[Date "2012.09.23"]
[Round "7.5"]
[White "Brunner, Lucas"]
[Black "Mantovani, Renzo"]
[Result "1/2-1/2"]
[WhiteElo "2448"]
[BlackElo "2359"]
[PlyCount "106"]
[EventDate "2012.03.18"]
[EventType "team-tourn"]
[EventRounds "9"]
[EventCountry "SUI"]
[SourceTitle "EXT 2013"]
[Source "ChessBase"]
[SourceDate "2012.11.22"]
[SourceVersion "1"]
[SourceVersionDate "2012.11.22"]
[SourceQuality "1"]
[WhiteTeam "Zuerich"]
[BlackTeam "Mendrisio"]
[WhiteTeamCountry "SUI"]
[BlackTeamCountry "SUI"]

1. d4 d6 2. e4 Nf6 3. Nc3 e5 4. Nf3 Nbd7 5. Bc4 Be7 6. 0-0 0-0 7. Re1 c6 8. a4 b6 9. d5 Bb7 10. b3 Qc7 11. dxc6 Bxc6 12. Bg5 h6 13. Bh4 Rfc8 14. Qe2 Qd8 15. Bxf6 Nxf6 16. Red1 Qc7 17. Ne1 a6 18. Nd5 Nxd5 19. Bxd5 b5 20. g3 g6 21. Kg2 h5 22. h4 Kg7 23. Kh2 Bd8 24. Kg2 Qb7 25. Qd3 Ba5 26. axb5 axb5 27. c4 bxc4 28. bxc4 Bxe1 29. Rxa8 Bxd5 30. cxd5 Rxa8 31. Rxe1 Ra4 32. Rc1 Qb4 33. Rc6 Qxe4+ 34. Qxe4 Rxe4 35. Rb6 Rd4 36. Rxd6 Kf8 37. Ra6 Rxd5 38. Ra4 Ke7 39. f4 f6 40. fxe5 fxe5 41. Kf3 Ke6 42. Ke4 Rd6 43. Ra8 Rd4+ 44. Kf3 Rd3+ 45. Ke4 Rd4+ 46. Kf3 Rb4 47. Re8+ Kf6 48. Rf8+ Ke7 49. Ra8 Kf7 50. Ra6 Rb3+ 51. Kf2 Rb2+ 52. Kf3 Rb3+ 53. Kf2 Rb2+ 1/2-1/2

[Event "SUI-chT"]
[Site "Switzerland"]
[Date "2012.06.24"]
[Round "5.5"]
[White "Brunner, Lucas"]
[Black "Wirthensohn, Heinz"]
[Result "1/2-1/2"]
[WhiteElo "2448"]
[BlackElo "2337"]
[PlyCount "52"]
[EventDate "2012.03.18"]
[EventType "team-tourn"]
[EventRounds "9"]
[EventCountry "SUI"]
[SourceTitle "EXT 2013"]
[Source "ChessBase"]
[SourceDate "2012.11.22"]
[SourceVersion "1"]
[SourceVersionDate "2012.11.22"]
[SourceQuality "1"]
[WhiteTeam "Zuerich"]
[BlackTeam "Reichenstein"]
[WhiteTeamCountry "SUI"]
[BlackTeamCountry "SUI"]

1. d4 d5 2. c4 c6 3. Nf3 Nf6 4. Nc3 dxc4 5. a4 Na6 6. e4 Bg4 7. Bxc4 e6 8. Be3 Nb4 9. 0-0 Be7 10. Be2 0-0 11. a5 b5 12. Qb3 Qc7 13. Rfc1 Qb7 14. Bg5 Rfd8 15. Bxf6 gxf6 16. Rd1 a6 17. Ne1 Bxe2 18. Nxe2 c5 19. Qf3 cxd4 20. Nxd4 Kh8 21. Qh5 Rf8 22. Qe2 Rad8 23. Nb3 Qb8 24. Nf3 Rxd1+ 25. Rxd1 Rd8 26. g3 Rxd1+ 1/2-1/2

[Event "SUI-chT"]
[Site "Switzerland"]
[Date "2011.06.26"]
[Round "5.5"]
[White "Mohajerin Esfahani, Peyman"]
[Black "Brunner, Lucas"]
[Result "1/2-1/2"]
[WhiteElo "2401"]
[BlackElo "2431"]
[PlyCount "33"]
[EventDate "2011.02.27"]
[EventType "team-tourn"]
[EventRounds "9"]
[EventCountry "SUI"]
[SourceTitle "EXT 2012"]
[Source "ChessBase"]
[SourceDate "2011.11.24"]
[SourceVersion "1"]
[SourceVersionDate "2011.11.24"]
[SourceQuality "1"]
[WhiteTeam "Reti"]
[BlackTeam "Zuerich"]
[WhiteTeamCountry "SUI"]
[BlackTeamCountry "SUI"]

1. e4 c6 2. d4 d5 3. exd5 cxd5 4. c4 Nf6 5. Nc3 g6 6. Qb3 Bg7 7. cxd5 0-0 8. Nge2 Na6 9. g3 Qb6 10. Qxb6 axb6 11. Bg2 Nb4 12. 0-0 Rd8 13. d6 Rxd6 14. Bf4 Rd7 15. Rfd1 Nbd5 16. Be5 Rd8 17. Nf4 1/2-1/2

[Event "SUI-chT"]
[Site "Switzerland"]
[Date "2011.03.20"]
[Round "2.3"]
[White "Brunner, Lucas"]
[Black "Zueger, Beat"]
[Result "1/2-1/2"]
[WhiteElo "2431"]
[BlackElo "2417"]
[PlyCount "36"]
[EventDate "2011.02.27"]
[EventType "team-tourn"]
[EventRounds "9"]
[EventCountry "SUI"]
[SourceTitle "CBM 141 Extra"]
[Source "ChessBase"]
[SourceDate "2011.05.03"]
[SourceVersion "1"]
[SourceVersionDate "2011.05.03"]
[SourceQuality "1"]
[WhiteTeam "Zuerich"]
[BlackTeam "Luzern"]
[WhiteTeamCountry "SUI"]
[BlackTeamCountry "SUI"]

1. Nf3 Nf6 2. c4 g6 3. g3 Bg7 4. Bg2 0-0 5. 0-0 d6 6. Nc3 a6 7. b3 c6 8. Bb2 b5 9. d3 Bb7 10. Qc2 Nbd7 11. Nd2 Rb8 12. Rab1 c5 13. Bxb7 Rxb7 14. Nce4 Qc7 15. Rfc1 bxc4 16. dxc4 Qc6 17. Rd1 Rfb8 18. Bc3 Ra8 1/2-1/2

[Event "BEL-chT 1011"]
[Site "Belgium"]
[Date "2011.01.09"]
[Round "6.4"]
[White "Brunner, Lucas"]
[Black "Van Oosterom, Chiel"]
[Result "1/2-1/2"]
[WhiteElo "2485"]
[BlackElo "2413"]
[PlyCount "90"]
[EventDate "2010.09.26"]
[EventType "team-tourn"]
[EventRounds "11"]
[EventCountry "BEL"]
[SourceTitle "EXT 2012"]
[Source "ChessBase"]
[SourceDate "2011.11.24"]
[SourceVersion "1"]
[SourceVersionDate "2011.11.24"]
[SourceQuality "1"]
[WhiteTeam "Ans"]
[BlackTeam "KGSRL"]
[WhiteTeamCountry "BEL"]
[BlackTeamCountry "BEL"]

1. d4 f5 2. g3 Nf6 3. Bg2 g6 4. c4 Bg7 5. Nc3 0-0 6. Nf3 d6 7. 0-0 Qe8 8. d5 a5 9. Ne1 Na6 10. Nd3 c6 11. Rb1 h6 12. b3 Nc7 13. Bb2 cxd5 14. Nxd5 Ncxd5 15. cxd5 g5 16. f4 Qb5 17. fxg5 hxg5 18. Qd2 Bh6 19. h4 Qb6+ 20. Nf2 Ne4 21. Bxe4 fxe4 22. hxg5 e3 23. Qc3 exf2+ 24. Kh2 Kh7 25. Qd3+ Bf5 26. e4 Bd7 27. gxh6 Bb5 28. Qd2 Bxf1 29. Rxf1 Rf7 30. Kg2 Rg8 31. Bg7 Re8 32. Bd4 Qb5 33. Qc2 e5 34. dxe6 Rxe6 35. Rxf2 Rxf2+ 36. Qxf2 Qe8 37. Qf5+ Qg6 38. Kf3 Qxf5+ 39. exf5 Rxh6 40. Bb6 Rh2 41. Bxa5 Rxa2 42. Bc7 Ra3 43. Bxd6 Rxb3+ 44. Ke4 Rb1 45. g4 Rg1 1/2-1/2

[Event "SUI-chT"]
[Site "Switzerland"]
[Date "2010.06.27"]
[Round "5.5"]
[White "Brunner, Lucas"]
[Black "Netzer, Jean"]
[Result "1/2-1/2"]
[WhiteElo "2444"]
[BlackElo "2401"]
[PlyCount "134"]
[EventDate "2010.02.14"]
[EventType "team-tourn"]
[EventRounds "9"]
[EventCountry "SUI"]
[SourceTitle "EXT 2011"]
[Source "ChessBase"]
[SourceDate "2010.11.26"]
[SourceVersion "1"]
[SourceVersionDate "2010.11.26"]
[SourceQuality "1"]
[WhiteTeam "Zuerich"]
[BlackTeam "Lausanne"]
[WhiteTeamCountry "SUI"]
[BlackTeamCountry "SUI"]

1. d4 f5 2. g3 d6 3. Bg2 Nf6 4. Nc3 d5 5. Bg5 c6 6. Nf3 Nbd7 7. 0-0 e6 8. Ne5 Be7 9. Nxd7 Bxd7 10. e3 0-0 11. Ne2 Rc8 12. Nf4 c5 13. c4 dxc4 14. Bxb7 Rb8 15. Bg2 Qc8 16. Qc2 cxd4 17. exd4 Re8 18. Rfc1 h6 19. Bxf6 Bxf6 20. Qd2 Qa6 21. h4 Qd6 22. Rxc4 Bb5 23. Rc2 Qxd4 24. Qxd4 Bxd4 25. Rd1 Rbd8 26. Kh2 g5 27. hxg5 hxg5 28. Nd5 Bb6 29. Nc3 Rxd1 30. Nxd1 Kf7 31. Nc3 Rc8 32. g4 Ba6 33. Rd2 Rc7 34. gxf5 exf5 35. Rd6 Bc4 36. Kg3 Re7 37. Bd5+ Bxd5 38. Nxd5 Bc7 39. Nxc7 Rxc7 40. Ra6 Rd7 41. f3 Kg7 42. b4 Kf7 43. b5 Ke8 44. a4 Kd8 45. Rf6 g4 46. f4 Rd3+ 47. Kh4 Rh3+ 48. Kg5 Rh8 49. Rg6 Rf8 50. Rg7 Kc8 51. Kh4 Kb8 52. Kg3 Rd8 53. Rf7 Rd3+ 54. Kh4 Rh3+ 55. Kg5 Rh8 56. Kxf5 Rg8 57. Rh7 g3 58. Rh1 g2 59. Rg1 Kc7 60. Ke6 Rg6+ 61. Kf7 Rg4 62. f5 Kb6 63. f6 Ka5 64. Ke6 Rg3 65. f7 Re3+ 66. Kd6 Rf3 67. Ke7 Re3+ 1/2-1/2